000 00810nam a2200229Ii 4500
003 JO-AjNU
008 230605s9999||||xx |||||||||||||| ||und||
017 _a1998/16441
020 _a977-01-6014-8
040 _aJO-AjNU
_bara
_erda
_cJO-AjNU
041 _aara
050 1 4 _aDS387.M8784 1999
100 3 _aتاليف بدر، مصطفى طه ,
_eauthor
_98726
245 0 0 _aمحنة الآسلام الكبرى أو زوال الخلافة العباسية من بغداد على أيدي المغول
250 _aط2
264 3 1 _aالقاهرة: الهيئة المصرية العامة للكتاب، 1999
300 _a229ص
336 _atext
_btxt
_2rdacontent
337 _aunmediated
_bn
_2rdamedia
338 _avolume
_bnc
_2rdacarrier
650 4 _aالاسلام-المغول-تاريخ
_98727
999 _aA936
_c4504
_d4504